| 000 | 00477nam a2200205Ia 4500 | ||
|---|---|---|---|
| 005 | 20250425162644.0 | ||
| 008 | 250425s9999 xx 000 0 und d | ||
| 020 | _a0321036263 | ||
| 041 | _aeng | ||
| 043 | _anyu | ||
| 082 | _a575.1 | ||
| 100 | _aRUSSELL, DALE | ||
| 245 | 0 | _aFUNDAMENTALS OF GENETICS | |
| 250 | _aSECOND EDITION | ||
| 260 |
_aEstados Unidos _bADDISON WESLEY LONGMAN _c2000 |
||
| 300 | _a527 | ||
| 650 | _aGENETICA | ||
| 942 | _c01 | ||
| 010 | _a94579 | ||
| 999 |
_c233710 _d233710 |
||